ARRUPE JESUIT UNIVERSITY

CORONAVIRUS -STOP THE SPREAD - CLEAN,DISINFECT,COVER

Archetype west : (Record no. 118678)

MARC details
000 -LEADER
fixed length control field 00696cam a2200229Ii 4500
001 - CONTROL NUMBER
control field 5536946
003 - CONTROL NUMBER IDENTIFIER
control field ARRUPE
005 - DATE AND TIME OF LATEST TRANSACTION
control field 20131126113621.0
008 - FIXED-LENGTH DATA ELEMENTS--GENERAL INFORMATION
fixed length control field 760825s1976 cau 001 0 eng d
035 ## - SYSTEM CONTROL NUMBER
System control number (OCoLC)ocm02395337
035 ## - SYSTEM CONTROL NUMBER
System control number (NNC)5536946
040 ## - CATALOGING SOURCE
Original cataloging agency TEU
Transcribing agency TEU
Modifying agency IAY
-- ZCU
050 ## - LIBRARY OF CONGRESS CALL NUMBER
Classification number PS648.P27.E93
300 ## - PHYSICAL DESCRIPTION
Dimensions 23 cm.
100 1# - MAIN ENTRY--PERSONAL NAME
Personal name Everson, William,
Dates associated with a name 1912-1994.
9 (RLIN) 3815
245 10 - TITLE STATEMENT
Title Archetype west :
Remainder of title the Pacific Coast as a literary region /
Statement of responsibility, etc William Everson.
260 ## - PUBLICATION, DISTRIBUTION, ETC. (IMPRINT)
Place of publication, distribution, etc Berkeley :
Name of publisher, distributor, etc Oyez,
Date of publication, distribution, etc 1976.
300 ## - PHYSICAL DESCRIPTION
Extent xiv, 181 p. ;
500 ## - GENERAL NOTE
General note Includes index.
650 #0 - SUBJECT ADDED ENTRY--TOPICAL TERM
Topical term or geographic name as entry element American literature
Geographic subdivision Pacific Coast
General subdivision History and criticism.
9 (RLIN) 3816
942 ## - ADDED ENTRY ELEMENTS (KOHA)
Source of classification or shelving scheme Library of Congress Classification
Koha item type Monograph ( Printed materials)
Holdings
Withdrawn status Lost status Source of classification or shelving scheme Damaged status Not for loan Home library Current library Shelving location Date acquired Total Checkouts Full call number Barcode Date last seen Price effective from Koha item type
    Library of Congress Classification     ARRUPE LIBRARY ARRUPE LIBRARY Main Collection 26/11/2013   PS648.P27.E93 46411074 26/11/2013 26/11/2013 Monograph ( Printed materials)

 

Arrupe Library. PO Box MP320 Mt Pleasant, Harare, Zimbabwe
263 242 745411|librarian@aju.ac.zw